000
00335nam a22001457a 4500
008
221006b ||||| |||| 00| 0 eng d
020
_a
9780323355933
041
_a
eng
080
_2
10TH EDITION
_a
610.73
082
_a
610.73 LEW
100
_a
5
101
_a
INF
245
_a
MEDICAL SURGICAL NURSING
_c
LEWIS SH
942
_2
udc
_c
BK
999
_c
58380
_d
58380